000 00352nam a2200145Ia 4500
008 230711s9999||||xx |||||||||||||| ||und||
041 _aENG
082 _a621
_bCH-D
100 _aChorlton,F
245 0 _aTextbook of dynamics
250 _a1st Ed.
260 _c1990
_aNew delhi
_bCBS Publishers & Distributors Pvt.Ltd
650 _aPhysics
942 _cBK
999 _c133
_d133